Ludwig's applied process design for chemical and petrochemical plants. (Record no. 20892)
[ view plain ]
| 000 -LEADER | |
|---|---|
| fixed length control field | 01134cam a22003015a 4500 |
| 001 - CONTROL NUMBER | |
| control field | 18178460 |
| 005 - DATE AND TIME OF LATEST TRANSACTION | |
| control field | 20160524124122.0 |
| 008 - FIXED-LENGTH DATA ELEMENTS--GENERAL INFORMATION | |
| fixed length control field | 140605t2015 maua frb 001 0 eng d |
| 010 ## - LIBRARY OF CONGRESS CONTROL NUMBER | |
| LC control number | 2014942513 |
| 020 ## - INTERNATIONAL STANDARD BOOK NUMBER | |
| International Standard Book Number | 9780750685245 |
| 040 ## - CATALOGING SOURCE | |
| Original cataloging agency | DLC |
| Language of cataloging | eng |
| Transcribing agency | DLC |
| Modifying agency | EG-ScBUE |
| Description conventions | EG-ScBUE |
| 082 04 - DEWEY DECIMAL CLASSIFICATION NUMBER | |
| Classification number | 660.283 |
| Item number | COK |
| Edition number | 22 |
| 100 1# - MAIN ENTRY--PERSONAL NAME | |
| Personal name | Coker, A. Kayode. |
| 9 (RLIN) | 38469 |
| 245 10 - TITLE STATEMENT | |
| Title | Ludwig's applied process design for chemical and petrochemical plants. |
| Number of part/section of a work | Volume 3 / |
| Statement of responsibility, etc | A. Kayode Coker. |
| 246 30 - VARYING FORM OF TITLE | |
| Title proper/short title | Applied process design for chemical and petrochemical plants |
| 250 ## - EDITION STATEMENT | |
| Edition statement | 4th ed. |
| 260 ## - PUBLICATION, DISTRIBUTION, ETC. (IMPRINT) | |
| Place of publication, distribution, etc | Waltham ; |
| -- | Oxford : |
| Name of publisher, distributor, etc | Gulf Professional Publishing / Elsevier, |
| Date of publication, distribution, etc | c.2015. |
| 300 ## - PHYSICAL DESCRIPTION | |
| Extent | xvii, 1257 p. : |
| Other physical details | ill. ; |
| Dimensions | 30 cm. |
| 500 ## - GENERAL NOTE | |
| General note | Index : p. 1243-1257. |
| 504 ## - BIBLIOGRAPHY, ETC. NOTE | |
| Bibliography, etc | Includes bibliographical references. |
| 650 #0 - SUBJECT ADDED ENTRY--TOPICAL TERM | |
| Topical term or geographic name as entry element | Petroleum industry and trade |
| General subdivision | Equipment and supplies. |
| Source of heading or term | BUEsh |
| 650 #7 - SUBJECT ADDED ENTRY--TOPICAL TERM | |
| Topical term or geographic name as entry element | Chemical plants |
| General subdivision | Equipment and supplies. |
| Source of heading or term | BUEsh |
| 9 (RLIN) | 38999 |
| 650 #7 - SUBJECT ADDED ENTRY--TOPICAL TERM | |
| Topical term or geographic name as entry element | Chemical processes. |
| Source of heading or term | BUEsh |
| 9 (RLIN) | 5532 |
| 651 ## - SUBJECT ADDED ENTRY--GEOGRAPHIC NAME | |
| Source of heading or term | BUEsh |
| 653 ## - INDEX TERM--UNCONTROLLED | |
| Resource For college | Engineering, General |
| -- | Engineering, Petroleum |
| -- | Engineering, Chemical |
| Arrived date list | October2015 |
| -- | May2016 |
| 655 ## - INDEX TERM--GENRE/FORM | |
| Form subdivision | Reading book |
| -- | 34232 |
| 942 ## - ADDED ENTRY ELEMENTS (KOHA) | |
| Source of classification or shelving scheme | Dewey Decimal Classification |
| Call number prefix | 660.283 COK |
| Withdrawn status | Item status | Source of classification or shelving scheme | Damaged status | Not for loan | Vendor | Home library | Current library | Shelving location | Date acquired | Source of acquisition | Total Checkouts | Full call number | Barcode | Date last seen | Date last borrowed | Koha item type | Cost, normal purchase price | Serial Enumeration / chronology | Cost, replacement price |
|---|---|---|---|---|---|---|---|---|---|---|---|---|---|---|---|---|---|---|---|
| Dewey Decimal Classification | Baccah | Central Library | Central Library | First floor | 08/10/2015 | Purchase | 1 | 660.283 COK | 000039870 | 15/07/2025 | 08/10/2019 | Book - Borrowing | |||||||
| Dewey Decimal Classification | Alahram | Central Library | Central Library | First floor | 24/05/2016 | Purchase | 660.283 COK | 000032582 | 15/07/2025 | Book - Borrowing | 1190.00 | 1 | 1487.50 |